UITU Library & LRC     

Automatic Gun Targeting System (Record no. 32763)

MARC details
000 -LEADER
fixed length control field 00515nam a2200133Ia 4500
008 - FIXED-LENGTH DATA ELEMENTS--GENERAL INFORMATION
fixed length control field 260210s9999 xx 000 0 und d
024 ## - OTHER STANDARD IDENTIFIER
Standard number or code 10B-034-CE, 10B-035-CE, 10B-038-CE, 10B-039-CE & 10B-040-CE
082 ## - DEWEY DECIMAL CLASSIFICATION NUMBER
Classification number 621.367072 SID
100 ## - MAIN ENTRY--PERSONAL NAME
Personal name Saqib Uddin Saddique, Sami ahmed Saddiqui, Najam-Ul-Saqib, Raza Uddin Qadri & Syed Mubashir Rizvi
245 #0 - TITLE STATEMENT
Title Automatic Gun Targeting System
260 ## - PUBLICATION, DISTRIBUTION, ETC.
Place of publication, distribution, etc. Karachi:
Name of publisher, distributor, etc. UITU,
Date of publication, distribution, etc. 2010
600 ## - SUBJECT ADDED ENTRY--PERSONAL NAME
Personal name Computer System Engineering
650 ## - SUBJECT ADDED ENTRY--TOPICAL TERM
Topical term or geographic name entry element Bachelor of Engineering (BE)

No items available.

Powered by Koha